000 00717cab a2200253 4500
001 ABS56358
008 090401t1997 xxu||||| |||| 00| 0 eng d
035 _a(Sirsi) u23086
041 _aeng
100 _aMonnington, B.
245 _aTo bar or not to bar?
260 _c1997
350 _a0
490 _aCountry Landowner
_vJanuary 1997, 24(1)
520 _aExamines the question of whether a landowner has the right to put a gate across a private right of way.
650 _aGATES
650 _aPETTEY V PARSONS
650 _aPRIVATE RIGHT OF WAY
650 _aREASONABLE ACCESS
650 _aRIGHTS OF WAY
690 _aHIGHWAYS RIGHTS OF WAY AND EASEMENTS
942 _n0
948 _c04/03/1997
999 _c15467
_d15467